Paroles de chanson - PLK - Emotif - Statistiques

Statistiques générales
  • Ce quiz a été pris 3 407 fois
    3 397 depuis la dernière actualisation
  • Le résultat moyen est 257 sur 420
Statistiques - réponses
Réponse % Correct
à
98%
a
98%
J'
98%
j'
98%
d'
96%
P
96%
un
95%
Un
95%
4
94%
dans
94%
en
94%
L
94%
l'
94%
L'
94%
s'
94%
de
93%
pas
93%
Pas
93%
t'
93%
2
92%
C'
92%
c'
92%
m'
92%
noir
92%
arrive
91%
qu'
91%
vodka
89%
ou
88%
par
88%
uniquement
87%
fil
86%
la
86%
Badoit
85%
si
85%
ça
84%
dis
84%
moi
84%
des
83%
Dès
83%
on
83%
parle
83%
une
83%
va
83%
fils
82%
tout
82%
comme
81%
es
81%
le
81%
cassé
80%
claque
80%
doigts
80%
Je
80%
je
80%
pour
80%
The
80%
thé
80%
Bolivienne
79%
Booska-P
79%
tu
79%
veux
79%
Ouais
78%
chanter
77%
cul
77%
est
77%
fais
75%
heure
75%
casser
74%
4x4
73%
faut
73%
il
72%
ai
71%
ma
71%
morceau
71%
vous
71%
au
69%
cul
69%
sachiez
69%
plonge
68%
putain
68%
police
66%
Emotif
65%
vienne
65%
attend
64%
froisser
63%
mon
63%
suis
63%
quartier
62%
te
62%
disparaisses
59%
guetteur
59%
elle
58%
Elle
58%
triste
58%
avenir
57%
et
57%
oui
57%
mairie
56%
C'est
55%
destin
55%
que
55%
as
54%
Sombre
54%
veut
54%
Weeknd
54%
affirmatif
53%
fou
53%
nan
53%
dise
52%
rempli
52%
Casier
51%
casier
51%
lui
50%
reflet
50%
vois
50%
lent-cli
49%
les
49%
Les
49%
y
49%
mes
48%
posté
48%
tes
48%
délits
45%
ne
45%
OPJ
45%
reponds
45%
deux
44%
aux
43%
feu
43%
keufs
43%
crédit
42%
sur
41%
demande
40%
peux
40%
péris
39%
poche
39%
g'noux
38%
ressemble
38%
glacé
37%
monde
37%
gang
36%
mais
36%
mal
36%
maman
36%
Porsche
36%
mieux
35%
regarde
35%
relit
35%
faux
34%
fesses
34%
fraîche
34%
seins
34%
balade
33%
froid
33%
poches
33%
rallume
33%
remplir
33%
seulement
33%
siroter
33%
ta
33%
vrai
33%
altercations
32%
daron
32%
gardes
32%
glaçon
32%
connu
31%
louper
31%
Alors
30%
dur
30%
mèches
30%
passion
30%
doit
29%
Hey
29%
hey
29%
perd
29%
ressemblent
29%
temps
29%
niaksou
28%
son
28%
baise
27%
Guadeloupe
27%
mère
27%
plages
27%
vraiment
26%
blanc
24%
juré
23%
teh
23%
foutu
22%
putes
22%
craché
21%
Ecrit
20%
pêches
20%
clope
18%
finis
18%
re-v
16%
vais
14%
bloquée
13%
boca
13%
carrière
13%
fiston
13%
Ok
13%
bons
12%
flic
12%
leur
12%
ton
12%
billet
11%
mecs
11%
rappeurs
11%
respectent
11%
bien
10%
passe
10%
peur
10%
sale
10%
coups
9%
p'tites
9%
quelques
9%
buteur
8%
côtés
8%
flow
8%
mythos
8%
précis
8%
quotas
8%
retiens
8%
revient
8%
trappeurs
8%
Chaque
7%
hop
7%
molo
6%
Robinho
6%
Cala
5%
cono
5%
commené
1%
Aucun quiz correspondant
Distribution des résultats
% des personnes avec chaque résultat
Percentile par nombre de réponses
Votre historique - résultats
Vous n’avez pas pris ce quiz depuis la dernière actualisation